000 00301nam a22001337a 4500
008 170321b xxu||||| |||| 00| 0 eng d
020 _a9781930513914
041 _aeng
080 _a0881676047
100 _a7
101 _aSHM
245 _aCONGENITAL HEART DISEASE
_cHIGGINS, CH.B
942 _2udc
_cBK
999 _c8266
_d8266